书目信息 |
| 题名: |
全球化/民族化
|
|
| 作者: | 刘康 著 | |
| 分册: | ||
| 出版信息: | 天津 天津人民出版社 2002 |
|
| 页数: | 193页 | |
| 开本: | 20cm | |
| 丛书名: | 旅美学踪丛书 | |
| 单 册: | ||
| 中图分类: | G0 , K203 | |
| 科图分类: | ||
| 主题词: | 文化理论--研究 , 传统文化--研究--中国 , 文化理论 , 传统文化 | |
| 电子资源: | ||
| ISBN: | 7-201-04008-1 | |
| 000 | 00906oam2 2200289 450 | |
| 001 | 1152097005 | |
| 005 | 20111005142915.40 | |
| 010 | @a7-201-04008-1@dCNY13.80 | |
| 100 | @a20020307d2002 emky0chiy0110 ea | |
| 101 | 0 | @achi |
| 102 | @aCN@b120000 | |
| 105 | @ay z 000yy | |
| 200 | 1 | @a全球化/民族化@Aquan qiu hua / min zu hua@f刘康著 |
| 210 | @a天津@c天津人民出版社@d2002 | |
| 215 | @a193页@d20cm | |
| 225 | 2 | @a旅美学踪丛书@h第一辑 |
| 330 | @a世纪之交,随着经济“全球化”进程的加剧,对于中国等非西方国家而言,全球化/民族化已成为一种二元对立式的话语。然而在这些话语背后又遮蔽了什么呢?对此作者有精辟的理论分析。 | |
| 461 | 0 | @12001 @a旅美学踪丛书 |
| 606 | 0 | @a文化理论@x研究 |
| 606 | 0 | @a传统文化@x研究@y中国 |
| 606 | 0 | @a文化理论 |
| 606 | 0 | @a传统文化 |
| 690 | @aG0@v4 | |
| 690 | @aK203@v4 | |
| 701 | 0 | @a刘康@Aliu kang@4著 |
| 801 | 0 | @aCN@bNLC@c20101222 |
| 905 | @a10447@dG0@eJY6 | |
| 全球化/民族化/刘康著.-天津:天津人民出版社,2002 |
| 193页;20cm.-(旅美学踪丛书.第一辑) |
| ISBN 7-201-04008-1:CNY13.80 |
| 世纪之交,随着经济“全球化”进程的加剧,对于中国等非西方国家而言,全球化/民族化已成为一种二元对立式的话语。然而在这些话语背后又遮蔽了什么呢?对此作者有精辟的理论分析。 |
| ● |
| 相关链接 |
|
|
|
|
正题名:全球化/民族化
索取号:G0/JY6
 
预约/预借
| 序号 | 登录号 | 条形码 | 馆藏地/架位号 | 状态 | 备注 |
| 1 | 7814378 | 278143787 | 学院路分馆/ [索取号:G0/JY6] | 在馆 | |
| 2 | 7814379 | 278143796 | 学院路分馆/ [索取号:G0/JY6] | 在馆 | |
| 3 | 7814380 | 278143803 | 学院路分馆/ [索取号:G0/JY6] | 在馆 | |
| 4 | 7814381 | 278143812 | 学院路分馆/ [索取号:G0/JY6] | 在馆 |